LOTR Mini-Minefields Quiz Stats

 Plays Quiz Updated May 25, 2014

Support Sporcle.
Go Orange.
Score 0/48 Timer 08:00
0 Plays Today
% Correct
???
88.3%
???
88.3%
???
81.6%
???
80.7%
???
79.8%
???
70.6%
???
69.6%
???
68.4%
???
68.2%
???
66.5%
???
65.7%
???
65.6%
???
65.3%
???
64.7%
???
62.6%
???
61.7%
???
61.5%
???
61.5%
???
61.5%
???
52.2%
???
52.1%
???
52.1%
???
47%
???
47%
% Correct
???
47%
???
41.4%
???
38.8%
???
29.2%
???
29.1%
???
28.2%
???
27.3%
???
27.3%
???
26.2%
???
25.2%
???
21.8%
???
20.3%
???
19.1%
???
19%
???
19%
???
17.5%
???
17.1%
???
17.1%
???
17.1%
???
16.9%
???
13.5%
???
9.2%
???
9.2%
???
9.2%

You're not logged in!

Compare scores with friends on all Sporcle quizzes.
OR
Log In
Forgot?

From the Vault

Superhero/Villain by Actor

by cheesyjon

'Look! Up in the sky, it's a bird, it's a plane, it's Brandon Routh'
Remove Ads.
Support Sporcle.
Get the best of Sporcle when you Go Orange. This ad-free experience offers more features, more stats, and more fun while also helping to support Sporcle. Thank you for becoming a member.

Show Comments

Extras

Top Quizzes Today


Score Distribution

Your Account Isn't Verified!

In order to create a playlist on Sporcle, you need to verify the email address you used during registration. Go to your Sporcle Settings to finish the process.

Report this User

Report this user for behavior that violates our Community Guidelines.

Details: